000 00868nam a2200253Ia 4500
003 OSt
005 20221005113358.0
006 a|||||r|||| 00| 0
007 ta
008 221004b |||||||| |||| 00| 0 pan d
020 _c100
024 _a15061
037 _b873, 14/08/2014, H.K. Prakashan
_cTextual
040 _aCRL
_cCRL
_bpan
041 _2pan
_apan
082 _aOxk, 153Q0
100 _aਹਮੀਰਾ, ਬਚਨ ਸਿੰਘ ਬੁਰਜ
_9160210
245 0 _aਮਾਣਕ ਸਭ ਅਮੋਲ ਵੇ
260 _aਮੋਗਾ
_bਲੋਕ ਚੇਤਨਾ ਕੇ੍ਵਦਰ ਭਾਰਤ
_c2010
300 _a232ਪੰ
_ccm.
650 _aਪੰਜਾਬੀ ਸਾਹਿਤ
942 _hOxk, 153Q0
_cTEXL
_2cc
999 _c1027981
_d1027981